Kliknij miasta Wielkiej Brytanii na mapie - Statystyki

Ogólne statystyki
  • Ten quiz został rozwiązany 6 razy
  • Średni wynik to 20 z 40
Odpowiedzi na mapie
Odpowiedzi zakodowano w zielono-czerwonej skali na mapie do tego quizu, zgodnie z poniższymi procentami.
 
Statystyki odpowiedzi
Odpowiedź % Poprawnych
Liverpool
100%
Aberdeen
83%
Belfast
83%
Birmingham
83%
Edynburg
83%
Glasgow
83%
Londyn
83%
Manchester
83%
Plymouth
83%
Luton
67%
Newcastle upon Tyne
67%
Bristol
50%
Cardiff
50%
Douglas
50%
Dover
50%
Dundee
50%
Gloucester
50%
Inverness
50%
Middlesbrough
50%
Nottingham
50%
Oksford
50%
Portsmouth
50%
Sheffield
50%
Southampton
50%
Swansea
50%
Bournemouth
33%
Cambridge
33%
Kingston upon Hull
33%
Lincoln
33%
Norwich
33%
Peterborough
33%
York
33%
Derry
17%
Eastbourne
17%
Exeter
17%
Ipswich
17%
Leeds
17%
Leicester
17%
Reading
17%
Stoke-on-Trent
17%
Nie znaleziono quizów pasujących do podanych kryteriów
Rozkład punktacji
Procent ludzi z każdym wynikiem
Percentyl według liczby udzielonych odpowiedzi
Twoja historia wyników
Nie rozwiązałeś tego quizu